Gene Mapping in Families with Inherited Epilepsy Syndromes/ (Record no. 480739)

000 -LEADER
fixed length control field 00639nam a22002057a 4500
003 - CONTROL NUMBER IDENTIFIER
control field ASAB
005 - DATE AND TIME OF LATEST TRANSACTION
control field 20240708124643.0
008 - FIXED-LENGTH DATA ELEMENTS--GENERAL INFORMATION
fixed length control field 180228t xxu||||| |||| 00| 0 eng d
040 ## - CATALOGING SOURCE
Transcribing agency ASAB
082 ## - DEWEY DECIMAL CLASSIFICATION NUMBER
Classification number 200
100 ## - MAIN ENTRY--PERSONAL NAME
Personal name Dad Rubina
9 (RLIN) 124166
245 ## - TITLE STATEMENT
Title Gene Mapping in Families with Inherited Epilepsy Syndromes/
Statement of responsibility, etc. Rubina Dad
250 ## - EDITION STATEMENT
Edition statement 2018
260 ## - PUBLICATION, DISTRIBUTION, ETC.
Place of publication, distribution, etc. Islamabad.
Name of publisher, distributor, etc. ASAB Nust University Islamabad
Date of publication, distribution, etc. 2018
300 ## - PHYSICAL DESCRIPTION
Extent 128 P
600 ## - SUBJECT ADDED ENTRY--PERSONAL NAME
General subdivision PhD- Healthcare Biotechnology
9 (RLIN) 123893
700 ## - ADDED ENTRY--PERSONAL NAME
Personal name Supervisor:Dr. Muhammad Jawad Hassan
9 (RLIN) 124167
856 ## - ELECTRONIC LOCATION AND ACCESS
Uniform Resource Identifier <a href="http://10.250.8.41:8080/xmlui/handle/123456789/20734">http://10.250.8.41:8080/xmlui/handle/123456789/20734</a>
942 ## - ADDED ENTRY ELEMENTS (KOHA)
Source of classification or shelving scheme
Koha item type Soft Copy
Holdings
Withdrawn status Lost status Source of classification or shelving scheme Damaged status Not for loan Permanent Location Current Location Date acquired Total Checkouts Full call number Barcode Date last seen Price effective from Koha item type Shelving location
          Atta-ur-Rahman School of Applied Biosciences (ASAB) Atta-ur-Rahman School of Applied Biosciences (ASAB) 02/28/2018   Thesis 2018 RD ASABPhd32 02/28/2018 02/28/2018    
          Central Library (CL) Central Library (CL) 08/25/2019   200 CLPT-312 08/25/2019 08/25/2019 Soft Copy Thesis
© 2023 Central Library, National University of Sciences and Technology. All Rights Reserved.